| 000 | 00992nam a2200313Ia 4500 | ||
|---|---|---|---|
| 001 | Para_125 | ||
| 003 | CHAP | ||
| 008 | 220125s1988 xx 000 0 und d | ||
| 010 | _a204458 | ||
| 040 | _cCHAP | ||
| 090 | _aPA FOLLETO 3092 | ||
| 100 |
_aNuñez Elisea, Roberto _981931 |
||
| 245 |
_aNitrato de amonio : _b nueva alternativa para adelantar floración y cosecha del mango / _c por Roberto Nuñez Elisea |
||
| 260 |
_aTecoman, Colima : _b INIFAP. Campo Experimental Tecomán |
||
| 300 | _a1 hoja desplegable | ||
| 410 | _aDesplegable para productores; 4 | ||
| 650 | _a | ||
| 650 |
_aMango _xColima _970402 |
||
| 650 |
_aMango _xFloración _970419 |
||
| 650 |
_aNitrato de potasio _xEfecto en plantas _981392 |
||
| 710 |
_aI. INIFAP. México. Campo Experimental... _9170398 |
||
| 901 | _aPA FOLLETO 3092 | ||
| 902 | _aA | ||
| 905 | _a0000001988 0000000000 00 | ||
| 910 | _a1988 | ||
| 942 | _cPARA | ||
| 942 |
_cPARA _d1 |
||
| 999 |
_c204458 _d204458 |
||